Capitales commençant par la lettre A avec le nom du Pays (Mort subite) - Statistiques

Statistiques générales
  • Ce quiz a été pris 329 fois
  • Le résultat moyen est 10 sur 16
Answers on the Grid
Answers color-coded by a green-red scale on the quiz's grid according to % correct below.
Nigeria
Emirats Arabes Unis
Ghana
Turkménistan
Ethiopie
Algérie
Jordanie
Pays-Bas
Andorre
Turquie
Madagascar
Samoa
Erythrée
Kazakhstan
Paraguay
Grèce
Canada
Australie
Fidji
Egypte
Albanie
Angola
Danemark
Chili
Venezuela
Kenya
Ouzbékistan
Slovaquie
Nicaragua
Nouvelle-Zélande
 
Statistiques - réponses
Réponse % Correct
Athènes Grèce
89%
Alger Algérie
85%
Andorre-la-Vieille Andorre
85%
Amsterdam Pays-Bas
84%
Ankara Turquie
80%
Antananarivo Madagascar
68%
Accra Ghana
59%
Asuncion Paraguay
58%
Amman Jordanie
57%
Addis-Abeba Ethiopie
56%
Abou Dabi Emirats Arabes Unis
55%
Astana Kazakhstan
52%
Abuja Nigeria
50%
Asmara Erythrée
45%
Achgabat Turkménistan
41%
Apia Samoa
39%
Aucun quiz correspondant
Distribution des résultats
% des personnes avec chaque résultat
Percentile par nombre de réponses
Votre historique - résultats
Vous n’avez pas pris ce quiz